SAT Words HARD Click Quiz - F #4 - Statistics

General Stats
  • This quiz has been taken 297 times
  • The average score is 8 of 15
Answer Stats
Hint Answer % Correct
Air from the bowels; “fart” Flatus
84%
Intensely passionate or enthusiastic Fervent
79%
Changing frequently; unpredictable Fickle
75%
Minor weakness or flaw in character Foible
73%
Polish, burnish; give a new look Furbish
72%
Agitator or troublemaker Firebrand
65%
Easily pulverized into small pieces; crumbly Friable
61%
Sensation that resembles insects on the skin Formication
52%
Scaly, flaky Furfuraceous
46%
Shaped like the curved blade of a sickle Falcate
29%
Pompous or pretentious writing Fustian
29%
Unsociable, reserved Farouche
25%
Herbaceous flowering plant that is not a grass Forb
25%
Hurried, rushed Festinate
21%
Fierce, cruel, destructive Fell
20%
No matching quizzes found
Score Distribution
Percent of People with Each Score
Percentile by Number Answered
Your Score History
You have not taken this quiz